00430ntaaa2200157 45000030003000000050017000030080021000200400037000410820017000781000021000952450036001162500010001522600055001623000009002175000046002260120251027202839.00714s1973 ag 01  aAR-BaBNbspacAR-BaBNeaacrdRIC a268.6370 K38 aKennedy, Harold  aLecciones bíblicas ilustradas a1 ed. aEl Paso : bCasa Bautista de Publicaciones, c1957 a32 p aPrimeros pasos en el estudio de la Biblia